High Schools in the Iowa Alliance Conference - Statistics

General Stats
  • This quiz has been taken 6 times
  • The average score is 9 of 11
Answer Stats
% Correct
Ames
100%
Des Moines East
83%
Des Moines Lincoln
83%
Des Moines North
83%
Des Moines Roosevelt
83%
Fort Dodge
83%
Mason City
83%
Waterloo East
83%
Des Moines Hoover
67%
Marshalltown
67%
Ottumwa
67%
No matching quizzes found
Score Distribution
Percent of People with Each Score
Percentile by Number Answered
Your Score History
You have not taken this quiz